Paroles - La complainte de la serveuse automate - Starmania - Statistiques

Statistiques générales
  • Ce quiz a été pris 47 fois
    33 depuis la dernière actualisation
  • Le résultat moyen est 217 sur 271
Statistiques - réponses
Réponse % Correct
à
96%
a
96%
au
96%
Au
96%
Je
96%
la
96%
me
96%
serveuse
96%
tomates
96%
Ça
92%
ça
92%
pas
92%
Un
92%
un
92%
automate
88%
Café
88%
café
88%
c'que
88%
de
88%
De
88%
faire
88%
J'ai
88%
j'ai
88%
J'sais
88%
j'sais
88%
J'travaille
88%
les
88%
ne
88%
qu'on
88%
ses
88%
seulement
88%
une
88%
vie
88%
C'est
84%
c'est
84%
cultiver
84%
en
84%
envie
84%
jour
84%
juste
84%
l'Underground
84%
ma
84%
Ma
84%
m'fiche
84%
mon
84%
paix
84%
pour
84%
Pour
84%
que
84%
rien
84%
soleil
84%
soleil.
84%
aller
80%
bien
80%
comme
80%
J'suis
80%
j'suis
80%
J'veux
80%
J'voudrais
80%
Moi
80%
moi
80%
qu'une
80%
s'en
80%
tout
80%
verrez
80%
vous
80%
demain
76%
d'être
76%
d'faire
76%
j'vais
76%
l'monde
76%
ressemble
76%
sert
76%
suis
76%
temps
76%
tous
76%
dix
72%
d'mes
72%
doigts
72%
faut
72%
guitare
72%
j'aime
72%
jamais
72%
j'gratte
72%
jours
72%
loyer
72%
Mais
72%
matins
72%
monde
72%
Qu'est-ce
72%
qu'est-ce
72%
rêvé
72%
star
72%
v'nir
72%
aujourd'hui
68%
chose
68%
d'mandé
68%
j'me
68%
j'paye
68%
pareils
68%
sont
68%
dis
64%
gagner
64%
mes
64%
m'laisse
64%
problème
64%
quelque
64%
rêver
64%
travailler
64%
on
60%
dans
56%
dit
56%
éteint
56%
plus
56%
toujours
56%
univers
56%
m'envoler
52%
néon
52%
prête
52%
quand
52%
souterrain
52%
vu
52%
l'soleil
48%
qu'j'ai
48%
Y
48%
d'bout
44%
j'tiens
44%
longtemps
44%
pattes
44%
sur
44%
Même
36%
Aucun quiz correspondant
Distribution des résultats
% des personnes avec chaque résultat
Percentile par nombre de réponses
Votre historique - résultats
Vous n’avez pas pris ce quiz depuis la dernière actualisation